| 000 | 00569pab a2200193 454500 | ||
|---|---|---|---|
| 008 | 180718b2014 xxu||||| |||| 00| 0 eng d | ||
| 100 | _aPrado-Lorenzo, Jose-Manuel | ||
| 245 | _aDo electoral risks moderate the effect of partisan and electoral cycle on debt-financed local spending? | ||
| 260 | _c2014 | ||
| 300 | _ap.745-765. | ||
| 362 | _aOct | ||
| 650 | _aLocal finance | ||
| 650 | _aElections | ||
| 700 | _aCuadrado-Ballesteros, Beatriz | ||
| 700 | _aGarcia-Sanchez, Isabel-Maria | ||
| 773 | _aLocal Government Studies | ||
| 908 | _aN | ||
| 909 | _a106692 | ||
| 999 |
_c106687 _d106687 |
||